| 000 | 01261nab a2200229 i 4500 | ||
|---|---|---|---|
| 001 | 768714001 | ||
| 003 | CO-MdFUSB | ||
| 005 | 20240801100123.0 | ||
| 008 | 240801t1991 -us||||| |||| 00| 0 eng d | ||
| 040 |
_bspa _cCO-MdFUSB _dCO-MdFUSB |
||
| 041 | _aeng | ||
| 100 |
_aPate, Larry D., _eautor |
||
| 245 | 4 |
_aThe changing balance in global mission _c/ Larry D. Pate |
|
| 520 | _aEl Comité de Lausana para la Evangelización Mundial (LCWE), tal como lo analiza el autor, fue uno de los primeros grupos en defender una visión holística de la misión de la Iglesia en el Tercer Mundo. Y en síntesis, este artículo expone el dramático crecimiento de las Misiones Mundiales de los Dos Tercios, que se produce en un momento de oportunidades misioneras sin precedentes, desafía a la iglesia a redefinir su estrategia misionera en términos globales. | ||
| 546 | _aTexto en inglés. | ||
| 650 | 7 |
_aCiencias sociales _xMetodología _97082 |
|
| 650 | 0 |
_aEvangelización _9362 |
|
| 650 | 0 |
_aMisiones _9154 |
|
| 773 | 0 |
_049483 _982859 _oR2723 _tInternational Bulletinof Missionary Research _w(CO-MdFUSB)768714001 _x0272-6122 _gVolumen 15, (número 2, 1991), páginas: 56 - 61 _qpágina: 56 |
|
| 942 | _cANA | ||
| 945 | _aCatherine Arias Álvarez - Practicante SENA | ||
| 999 |
_c70674 _d70674 |
||